Pinky Malinky Quiz - Statistics

General Stats
  • This quiz has been taken 125 times
  • The average score is 11 of 15
Answer Stats
Question Answer % Correct
Name of Principal Pfunne
96%
Pinky's Mom and Dad's Name Eric and Valerie
89%
JJ's Crush Pinky's Mom
89%
Pinky's favorite place to hangout with his BFF's The Ski Jump
89%
Is there a person on the show named: Emily No
85%
How many parts/seasons does the show Pinky Malinky have? 3
81%
Babs hair is always messing with her and looking bad. True or False? False
81%
Babs found a picture of Pinky's dad _____. Not wearing any clothes
81%
Did Babs and JJ stop Pinky from embarrassing himself because Pinky felt bad about putting them on camera? Yes
81%
What color is the hat of JJ? Blue
74%
Is there a spider in the show called 'Nancy'. Yes
74%
What did Pinky do because of putting Babs and JJ on camera and making them mad and embarrassed? Took off his clothes outside of the school when school finished
70%
Babs jacket color is _____. Orange
59%
What year was most of the episodes released in, on Netflix? (Not The Original wanted Released Date From the Cast) 2019
33%
What Type of Food is Pinky A Pink Sausage
15%
No matching quizzes found
Score Distribution
Percent of People with Each Score
Percentile by Number Answered
Your Score History
You have not taken this quiz